01270nam a2200337 i 4500001000300000003000900003005001700012008004100029015001700070020001500087040003400102041001300136080000800149080000900157111007500166245015000241246004800391260007000439300002800509380001600537504005000553546002600603658002800629658001100657650002400668655002900692700002700721710005700748700002900805856009800834bgKOSZ 00520200511101616.0070214s2006 pl a a |101 0 pol  aPB 3494/2007 a8370859690 cKOSZ 005/HRaWANdKOSZ 005/HR0 apolaeng a532 a(06)2 aKrajowa Konferencja Mechaniki Płynówn(17 ;d2006 ;cBełchatów).10aXVII Krajowa Konferencja Mechaniki Płynów, Bełchatów, 17-21 września 2006 r. :babstrakty /cpod red. Henryka Kudeli i Pawła Reguckiego.30aKrajowa Konferencja Mechaniki Płynów, 17 aWrocław :bOficyna Wydawnicza Politechniki Wrocławskiej,c2006. a120 s. :bil. ;c24 cm. aKsiążki aBibliogr. przy niektórych streszcz. Indeks. aTekst częśc. ang. aInżynieria i technika aFizyka 4aMechanika płynów 4aMateriały konferencyjne1 aRegucki, Paweł.eRed.2 aPolitechnika Wrocławska.bOficyna Wydawnicza.4pbl.1 aKudela, HenrykeRedakcja uhttp://koha.tu.koszalin.pl/cgi-bin/koha/opac-detail.pl?biblionumber=54774yKatalog online BPK